Boost your child’s Immune system (Record no. 118603)

MARC details
000 -LEADER
fixed length control field 00640nam a2200217Ia 4500
008 - FIXED-LENGTH DATA ELEMENTS--GENERAL INFORMATION
fixed length control field 191130s2010##################000#0#eng##
020 ## - INTERNATIONAL STANDARD BOOK NUMBER
ISBN 9780071625876
082 ## - DEWEY DECIMAL CLASSIFICATION NUMBER
Classification number 303.6 ROB
100 ## - MAIN ENTRY--AUTHOR NAME
Personal name Roberts, Ceri
245 ## - TITLE STATEMENT
Title Boost your child’s Immune system
Statement of responsibility, etc Ceri Roberts
260 ## - PUBLICATION, DISTRIBUTION, ETC. (IMPRINT)
Place of publication London
Name of publisher Teach Yourself
Year of publication 2010
300 ## - PHYSICAL DESCRIPTION
Number of Pages xxviii, 242 p. : ill. ; 20 cm.
650 ## - SUBJECT ADDED ENTRY--TOPICAL TERM
Topical Term Children - Health and hygiene
Topical Term Children - Nutrition
Topical Term Exercise for children
Topical Term Physical fitness for children
991 ## -
-- 208300
Holdings
Withdrawn status Lost status Damaged status Not for loan Home library Current library Shelving location Date acquired Full call number Accession Number Price effective from Koha item type
        Anna Centenary Library Anna Centenary Library 3RD FLOOR, B WING 12.10.2020 303.6 ROB 405554 12.10.2020 English Books

Find us on the map